[Event "IND-ch U13 Girls 35th"]
[Site "Puducherry"]
[Date "2022.12.15"]
[Round "8"]
[White "Divya, Sharad Patil"]
[Black "Asmita, Avijit Ray"]
[Result "1/2-1/2"]
[WhiteElo "1559"]
[BlackElo "1367"]
[PlyCount "131"]
[EventDate "2022.12.11"]
[EventType "swiss"]
[EventRounds "11"]
[EventCountry "IND"]
[SourceTitle "EXT 2024"]
[Source "ChessBase"]
[SourceDate "2023.10.10"]
[SourceVersion "1"]
[SourceVersionDate "2023.10.10"]
[SourceQuality "1"]

1. e4 c6 2. d4 d5 3. Nd2 dxe4 4. Nxe4 Nd7 5. c3 Ngf6 6. Bd3 Nxe4 7. Bxe4 Nf6 8. Bc2 Bg4 9. Ne2 e6 10. 0-0 Be7 11. Qe1 0-0 12. Nf4 Nd5 13. f3 Nxf4 14. Bxf4 Bh5 15. Qe5 Bg6 16. Bxg6 hxg6 17. Kh1 g5 18. Bg3 Bf6 19. Qe2 Qd5 20. f4 g6 21. fxg5 Qxg5 22. Bf4 Qd5 23. Rf3 Bg7 24. Rh3 f5 25. Re1 Rae8 26. Rg3 Kf7 27. Be5 Bxe5 28. dxe5 Rd8 29. Re3 Rh8 30. Qf2 Rh5 31. Kg1 Qxa2 32. R3e2 b6 33. b4 Qd5 34. Ra2 Rd7 35. h3 Rh8 36. Rea1 Ra8 37. Qf4 c5 38. Re2 cxb4 39. Qh4 Qc5+ 40. Kh2 Ke8 41. Qf6 Qe7 42. Qxg6+ Qf7 43. Qxf7+ Kxf7 44. cxb4 Rd5 45. Ra6 Kg6 46. Re3 f4 47. Rea3 Rxe5 48. Rxb6 axb6 49. Rxa8 Rb5 50. Ra4 Kf5 51. Kg1 e5 52. Kf2 e4 53. Ke2 e3 54. g3 Ke4 55. gxf4 Kxf4 56. h4 Ke4 57. Ra3 Rxb4 58. Rxe3+ Kd5 59. Rh3 Rb2+ 60. Kd1 b5 61. h5 Rg2 62. h6 Rg8 63. h7 Rh8 64. Kc2 Ke6 65. Kb3 Kf7 66. Kb4 1/2-1/2

[Event "IND-ch U15 Girls 38th"]
[Site "New Delhi"]
[Date "2022.12.05"]
[Round "10"]
[White "Amulya, Guruprasad"]
[Black "Asmita, Avijit Ray"]
[Result "0-1"]
[WhiteElo "1699"]
[BlackElo "1413"]
[PlyCount "82"]
[EventDate "2022.11.28"]
[EventType "swiss"]
[EventRounds "11"]
[EventCountry "IND"]
[SourceTitle "CBM 211 Extra"]
[Source "ChessBase"]
[SourceDate "2023.01.31"]
[SourceVersion "1"]
[SourceVersionDate "2023.01.31"]
[SourceQuality "1"]

1. e4 c6 2. d4 d5 3. exd5 cxd5 4. Bd3 Nc6 5. c3 Qc7 6. Ne2 Bd7 7. 0-0 Nf6 8. Bf4 e5 9. dxe5 Nxe5 10. Re1 Bd6 11. Bxe5 Bxe5 12. f4 Bd6 13. Nd4+ Kf8 14. Nd2 Bxf4 15. Nf1 g6 16. Qc2 Kg7 17. Re2 Bg4 18. Rf2 a6 19. g3 Bd6 20. Ne3 Be6 21. Raf1 Be7 22. Qd2 Rhf8 23. Nef5+ Bxf5 24. Bxf5 Qe5 25. Bc2 Ne4 26. Bxe4 dxe4 27. Qe2 Bc5 28. Qc4 Bxd4 29. cxd4 Qe7 30. d5 f5 31. Rd1 Rfd8 32. Qd4+ Qf6 33. Qb4 Rd7 34. Rc2 Rad8 35. Kf2 Qe5 36. Ke3 g5 37. Rf2 b5 38. Qc5 Rxd5 39. Rxd5 Qxd5 40. Qe7+ Kg6 41. Re2 Qd4# 0-1